000 00283nam a22001337a 4500
008 170731b xxu||||| |||| 00| 0 eng d
020 _a9781416044154
041 _aeng
080 _a004
100 _a32
101 _aSHK
245 _a2008 ICD-9- CM
_cBUCK,C.J
942 _2udc
_cBK
999 _c22193
_d22193